000
00310nam a2200133Ia 4500
008
150301s2015 xx 000 0 und d
082
_a
615.19
_b
P12B
100
_a
BHANDARI, ANIL
245
_a
PHARMACEUTICAL CHEMISTRY -|
260
_b
CBS- DELHI
300
_a
148
650
_a
CHEMISTRY
942
_2
ddc
_c
BK
_0
8
999
_c
7269
_d
7269